LEADER 01216nam a2200313 i 4500 001 991002500379707536 007 cr nn 008mamaa 008 140429s1983 ge | s |||| 0|eng d 020 $a9783662215630 035 $ab14184424-39ule_inst 040 $aBibl. Dip.le Aggr. Matematica e Fisica - Sez. Matematica$beng 082 04$a516.36$223 084 $aAMS 53-01 100 1 $aHopf, Heinz$041921 245 10$aDifferential geometry in the large$h[e-book] :$bseminar lectures New York university 1946 and Stanford university 1956 /$cby Heinz Hopf 260 $aBerlin :$bSpringer,$c1983 300 $a1 online resource (vii, 189 p.) 440 0$aLecture Notes in Mathematics,$x0075-8434 ;$v1000 650 0$aMathematics 650 0$aGlobal differential geometry 650 0$aTopology 650 0$aHistory and philosophical foundations of physics 773 0 $aSpringer eBooks 856 40$uhttp://dx.doi.org/10.1007/978-3-662-21563-0$zAn electronic book accessible through the World Wide Web 907 $a.b14184424$b03-03-22$c24-04-14 912 $a991002500379707536 996 $aDifferential geometry in the large$979959 997 $aUNISALENTO 998 $ale013$b24-04-14$cm$d@ $e-$feng$gge $h0$i0 LEADER 02669nam 22006015 450 001 9910213055903321 005 20230425144734.0 010 $a9782940503896 010 $a2940503893 024 7 $a10.4000/books.iheid.5618 035 $a(CKB)3780000000037663 035 $a(MH)014193736-X 035 $a(FrMaCLE)OB-iheid-5618 035 $a(oapen)https://directory.doabooks.org/handle/20.500.12854/48444 035 $a(PPN)241289920 035 $a(Perlego)3121434 035 $a(oapen)doab48444 035 $a(EXLCZ)993780000000037663 100 $a20140513d2003 my 0 101 0 $afre 135 $auu||||||m|||| 181 $ctxt$2rdacontent 182 $cc$2rdamedia 183 $acr$2rdacarrier 200 10$aGenre, pouvoirs et justice sociale /$fDirigé par Christine Verschuur et Fenneke Reysoo 210 $aParis $cEditions L'Harmattan$d2003 215 $a1 online resource (283 p.) 300 $aDirigé par Christine Verschuur et Fenneke Reysoo. 311 08$a9782296346567 311 08$a2296346561 311 08$a9782747557276 311 08$a2747557278 330 $aTravailler avec le concept de genre est porteur de critique sociale. De nombreuses organisations féministes du Sud revendiquent et encouragent la voie de l'empowerment des femmes. Cette approche peut être définie comme le développement des capacités de négociation pour un partage équitable et un exercice différent du pouvoir ; elle cherche à promouvoir, non seulement le partage du pouvoir, mais des changements allant dans le sens de leur vision d'une société, avec un plus grande justice sociale et des rapports plus équitables entre hommes et femmes. 610 $aéchanges mondiaux 610 $aacteurs non étatiques et société civile 610 $apolitiques et pratiques du développement 610 $aéconomie politique 610 $arelations hommes-femmes 610 $acitoyenneté 610 $aempowerment 610 $adéveloppement 610 $aféminisme 610 $adivision sexuelle du travail 610 $afemmes 610 $aadministration publique 700 $aChristine Verschuur$b Fenneke Reysoo (dir.)$4auth$01350811 701 $aVerschuur$b Christine$0848969 701 $aReysoo$b Fenneke$0662321 906 $aBOOK 912 $a9910213055903321 996 $aGenre, pouvoirs et justice sociale$93089820 997 $aUNINA 999 $aThis Record contains information from the Harvard Library Bibliographic Dataset, which is provided by the Harvard Library under its Bibliographic Dataset Use Terms and includes data made available by, among others the Library of Congress